000 00327pab a2200145 454500
008 180718b1987 xxu||||| |||| 00| 0 eng d
100 _aSeth, J.C.
245 _aSolid waste management
260 _c1987
300 _a25-32
362 _aJan.
650 _aWaste, Utilization of
773 _aCivic Affairs
909 _a20560
999 _c20560
_d20560